000 00591nam a22002057a 4500
005 20250915070610.0
008 250915b |||||||| |||| 00| 0 eng d
020 _a9789358495645
040 _aIN-DiNC
_cIN-DiNC
041 _deng
082 _a327
_bDAS
100 _aDas, Deepan
_eauthor
245 _aPerspectives of international relations and world history (Major3)/
_cby Deepan Das and Lakhi Debnath
250 _a1st ed.
260 _aDibrugarh:
_bBanalata,
_c2024.
300 _a208p.
650 _aInternational relation
700 _aDebnath, Lakhi
_eauthor
942 _2ddc
_cBK
999 _c12268
_d12268